[Event "Styrian op U12/18 22nd"]
[Site "Mureck"]
[Date "2015.08.06"]
[Round "2"]
[White "Bankier, Jonathan"]
[Black "Knafl, Noah"]
[Result "1-0"]
[WhiteElo "1618"]
[BlackElo "975"]
[PlyCount "55"]
[EventDate "2015.08.05"]
[EventType "swiss"]
[EventRounds "9"]
[EventCountry "AUT"]
[SourceTitle "EXT 2017"]
[Source "ChessBase"]
[SourceDate "2016.10.25"]
[SourceVersion "1"]
[SourceVersionDate "2016.10.25"]
[SourceQuality "1"]

1. d4 d5 2. c4 Nf6 3. cxd5 Nxd5 4. e4 Nb6 5. Nc3 Nc6 6. Nf3 Bg4 7. Be3 Qd7 8. h3 Bh5 9. Be2 e6 10. Qd2 0-0-0 11. Rd1 Bd6 12. 0-0 Nb4 13. a3 Na6 14. Bb5 c6 15. Bxa6 bxa6 16. Qe2 Bc7 17. Qxa6+ Kb8 18. Qe2 Qd6 19. g3 h6 20. Kg2 g5 21. e5 Qe7 22. Ne4 g4 23. hxg4 Bxg4 24. Nc5 Bxf3+ 25. Qxf3 Rhg8 26. Qxc6 Bxe5 27. dxe5 f5 28. Na6# 1-0